| 000 | 00435nam a22001697a 4500 | ||
|---|---|---|---|
| 003 | NUST - PNEC | ||
| 005 | 20170116180913.0 | ||
| 008 | 150903b xxu||||| |||| 00| 0 eng d | ||
| 020 | _a8170081475 | ||
| 040 | _cLIBRARY | ||
| 082 | _a620.112 BAN | ||
| 100 |
_97201 _aBansal, Raj K. |
||
| 245 |
_aA textbook of strength of materials _cR.K. Bansal |
||
| 260 | _cc.1996 | ||
| 650 |
_97207 _aStrength of materials _xME |
||
| 942 |
_2ddc _cBK |
||
| 999 |
_c65342 _d65342 |
||